000
00304nam a22001457a 4500
008
211013b ||||| |||| 00| 0 eng d
020
_a
0534505007
041
_a
eng
080
_a
371
082
_a
371
100
_a
46
101
_a
EDU
245
_a
Living and Learning
_c
Corey,G
942
_2
udc
_c
BK
999
_c
58197
_d
58197